000 01832cam a2200397 a 4500
003 OSt
005 20260205131303.0
008 960209s1996 coua b 001 0 eng
020 _a0813321085
_qhardback
020 _a0813321093
_qpbk.
020 _a9780813321097
040 _aKABLIB
_cKABLIB
_beng
_erda
082 0 0 _a324.6
_223
_bINS
245 0 0 _aInstitutional design in new democracies :
_bEastern Europe and Latin America /
_cedited by Arend Lijphart & Carlos H. Waisman.
260 _aBoulder, Colo. :
_bWestview Press,
_cc1996.
300 _axvi, 265 p. :
_bill. ;
_c24 cm.
490 1 _aLatin America in global perspective
504 _aIncludes bibliographical references, index.
650 0 _aNew democracies
_zLatin America.
_915138
650 0 _aNew democracies
_zEurope, Central.
_915317
650 0 _aNew democracies
_zEurope, Eastern.
_915318
650 0 _aComparative government.
_910142
651 0 _aLatin America
_xPolitics and government
_y1980-
_915319
651 0 _aLatin America
_xEconomic policy.
_915143
651 0 _aEurope, Central
_xPolitics and government
_y1989-
_915320
651 0 _aEurope, Central
_xEconomic policy.
_915321
651 0 _aEurope, Eastern
_xPolitics and government
_y1989-
_915322
651 0 _aEurope, Eastern
_xEconomic policy
_y1989-
_915323
700 1 _aLijphart, Arend.
_915127
700 1 _aWaisman, Carlos H.
_q(Carlos Horacio),
_d1943-
_915324
776 0 8 _iOnline version:
_tInstitutional design in new democracies.
_dBoulder, Colo. : Westview Press, 1996
_w(OCoLC)605265350
830 0 _aLatin America in global perspective.
_915325
856 4 2 _3Contributor biographical information
_uhttp://catdir.loc.gov/catdir/enhancements/fy0833/96006133-b.html
856 4 2 _3Publisher description
_uhttp://catdir.loc.gov/catdir/enhancements/fy0833/96006133-d.html
942 _2ddc
_cBOOK
999 _c6049
_d6049